{"text_format":"3","workbook":"xlsx","n_sheets":8,"sheets":["(5)D.3单位工程投标报价汇总表","(4)E.1分部分项工程量清单计价表","(3)附录F措施项目清单与计价表","(2)附录G不可竞争项目清单与计价表","(1)附录I税金计价表","Sheet1","Sheet2","Sheet3"],"read":"whole","date_system":"1900"}

{"sheet":"(5)D.3单位工程投标报价汇总表","index":0,"n_rows":22,"n_cols":4,"rows_kept":22,"merged":[[1,0,1,3]]}
[]
["D.3 单位工程投标报价汇总表"]
[]
[]
["工程名称：衡济堂堆料场配套工程",null,"                标段：","第1页 共1页"]
["序号","汇总内容","金额（元）","其中：材料、设备暂估价（元）"]
["1","分部分项工程项目费",325715.21]
["1.1","  定额人工费",39613.64]
["1.2","  定额机械费",17140.98]
["1.3","  综合费",14750.87]
["2","措施项目费",3230.19]
["3","不可竞争费",7502.35]
["3.1","  安全文明施工费",7502.35]
["3.2","  工程排污费",0]
["4","其他项目",0]
["4.1","  暂列金额",0]
["4.2","  专业工程暂估价",0]
["4.3","  计日工",0]
["4.4","  总承包服务费",0]
["5","税金",30280.3]
["6","工程造价",366728.05]
[{"$nulls":3},"测评合格编号：2018JS-05【神机造价软件V60安徽版】"]

{"sheet":"(4)E.1分部分项工程量清单计价表","index":1,"n_rows":51,"n_cols":7,"rows_kept":51,"merged":[[1,0,1,6],[3,0,6,0],[3,1,6,1],[3,2,6,2],[3,3,6,3],[3,4,6,4],[3,5,3,6],[4,5,6,5],[4,6,6,6]]}
[]
["最高限价表"]
["工程名称：衡济堂堆料场配套劳务工程"]
["序号","项目名称","项目特征描述","单位","工程量","金额（元）"]
[{"$nulls":5},"最高限价（含税价）","合价"]
[]
[]
[null,"一、拆除工程"]
["1","拆除侧、平(缘)石",null,"m",20,3,{"$f":"E9*F9","v":{"v":60,"d":"60.00"}}]
["2","臭椿移栽","1.移栽至指定位置","株",4,80,{"$f":"E10*F10","v":{"v":320,"d":"320.00"}}]
["3","紫薇移栽","1.移栽至指定位置","株",4,50,{"v":200,"d":"200.00"}]
["4","安砌侧石","1.利用拆除侧石","m",20,15,{"v":300,"d":"300.00"}]
[null,"二、土方工程（路基两侧基坑回填）"]
["5","挖一般土方",null,"m3",742,1.5,{"v":1113,"d":"1113.00"}]
["6","场内转运",null,"m3",742,3,{"v":2226,"d":"2226.00"}]
["7","回填方","1.回填压实","m3",742,3,{"v":2226,"d":"2226.00"}]
[null,"三、地磅基础1座"]
["8","C30现浇砼引坡","1.砼主材甲供","m3",21.956,25,{"v":548.9,"d":"548.90"}]
["9","引坡 复合木模板",null,"m2",27.192,35,951.72]
["10","现浇构件钢筋","1.钢筋制作安装  2.含钢筋主材","t",0.35,4290,{"v":1501.5,"d":"1501.50"}]
["11","预埋铁件","1.铁件制作安装  2.含铁件主材","t",0.171,5500,{"v":940.5000000000001,"d":"940.50"}]
[null,"四、冲洗池1座"]
["12","换填砂砾石","1.回填、碾压  2.砂砾石主材甲供","m3",9.6,10,{"v":96,"d":"96.00"}]
["13","混凝土基础","1.砼主材甲供","m3",5.832,25,{"v":145.79999999999998,"d":"145.80"}]
["14","基础模板",null,"m2",52.32,35,{"v":1831.2,"d":"1831.20"}]
["15","沉淀池","1.砼、砖、井盖甲供","座",1,680,{"v":680,"d":"680.00"}]
["16","300DN混凝土管道铺设",null,"m",30,75,{"v":2250,"d":"2250.00"}]
[null,"五、水泥砼路面"]
["17","路床（槽）碾压检验",null,"m2",814.62,0.78,{"v":635.4036,"d":"635.40"}]
["18","C30水泥混凝土路面","1.路面浇筑  2.砼主材甲供","m2",814.62,16,13033.92]
["19","模板",null,"m2",814.62,3,2443.86]
["20","传力杆制作、安装","1.钢筋制作安装  2.含钢筋主材","t",0.115,4290,493.35]
["21","磅房底板加筋","1.钢筋制作安装  2.含钢筋主材","t",0.43,4290,{"v":1844.7,"d":"1844.70"}]
["22","路面刻痕",null,"m2",814.62,2,1629.24]
["23","养生",null,"m2",814.62,2,1629.24]
["24","伸缩缝",null,"m2",814.62,1,814.62]
[null,"六、磅房基础"]
["25","平整场地",null,"m2",60,1,{"v":60,"d":"60.00"}]
["26","挖沟槽土方",null,"m3",5.76,1.5,8.64]
["27","磅房砖基础","1.砖材料甲供","m3",11.52,270,{"v":3110.4,"d":"3110.40"}]
["28","磅房基础外立面抹灰",null,"m2",48,15,{"v":720,"d":"720.00"}]
["29","房心回填",null,"m3",58.432,3,{"v":175.296,"d":"175.30"}]
["30","砖砌台阶","1.砖材料甲供","m2",7.2,55,{"v":396,"d":"396.00"}]
["31","水泥砂浆台阶面",null,"m2",7.2,20,{"v":144,"d":"144.00"}]
["32","磅房地面","1.砼主材甲供","m2",45,16,{"v":720,"d":"720.00"}]
[null,"七、厕所"]
["33","平整场地",null,"m2",7,1,{"v":7,"d":"7.00"}]
["34","厕所地面",null,"m2",7,16,{"v":112,"d":"112.00"}]
[null,"八、防撞护栏"]
["35","防撞护栏（含砼基础）","1.钢管护栏甲供","项",1,500,{"v":500,"d":"500.00"}]
[null,"合       计",{"$nulls":4},{"$f":"SUM(G9:G50)","v":{"v":43868.2896,"d":"43868.29"}}]

{"sheet":"(3)附录F措施项目清单与计价表","index":2,"n_rows":16,"n_cols":6,"rows_kept":16,"merged":[[1,0,1,5]]}
[]
["附录F 措施项目清单与计价表"]
[]
[]
["工程名称：衡济堂堆料场配套工程",null,null,"                标段：",null,"第1页 共1页"]
["序号","项目编码","项目名称","计算基础","费率（%）","金额（元）"]
["1","JC-01","夜间施工增加费","52099.6","0.5",260.5]
["2","JC-02","二次搬运费","52099.6","1",521]
["3","JC-03","冬雨季施工增加费","52099.6","0.8",416.8]
["4","JC-04","已完工程及设备保护费","52099.6","0.1",52.1]
["5","JC-05","工程定位复测费","52099.6","1",521]
["6","JC-06","非夜间施工照明费","52099.6","0.4",208.4]
["7","JC-07","临时保护设施费","52099.6","0.2",104.2]
["8","JC-08","赶工措施费","52099.6","2.2",1146.19]
[null,null,"合计",null,null,3230.19]
[{"$nulls":5},"测评合格编号：2018JS-05【神机造价软件V60安徽版】"]

{"sheet":"(2)附录G不可竞争项目清单与计价表","index":3,"n_rows":13,"n_cols":6,"rows_kept":13,"merged":[[1,0,1,5]]}
[]
["附录G 不可竞争项目清单与计价表"]
[]
[]
["工程名称：衡济堂堆料场配套工程",null,null,"                标段：",null,"第1页 共1页"]
["序号","项目编码","项目名称","计算基础","费率（%）","金额（元）"]
["1","JF-01","环境保护费","52099.6","1",521]
["2","JF-02","文明施工费","52099.6","4",2083.98]
["3","JF-03","安全施工费","52099.6","3.3",1719.29]
["4","JF-04","临时设施费","52099.6","6.1",3178.08]
["5","JF-05","工程排污费","52099.6"]
[null,null,"合计",null,null,7502.35]
[{"$nulls":5},"测评合格编号：2018JS-05【神机造价软件V60安徽版】"]

{"sheet":"(1)附录I税金计价表","index":4,"n_rows":10,"n_cols":6,"rows_kept":10,"merged":[[2,0,2,5]]}
[]
[]
["附录I 税金计价表"]
[]
[]
["工程名称：衡济堂堆料场配套工程",null,null,"                    标段：",null,"第1页 共1页"]
["序号","项目名称","计算基础","计算基数","费率（%）","金额（元）"]
["1","增值税","分部分项工程+措施项目+不可竞争+其他项目","336447.75","9",30280.3]
[null,"合        计",{"$nulls":3},30280.3]
[{"$nulls":5},"测评合格编号：2018JS-05【神机造价软件V60安徽版】"]

{"sheet":"Sheet1","index":5,"n_rows":0,"n_cols":0,"rows_kept":0}

{"sheet":"Sheet2","index":6,"n_rows":0,"n_cols":0,"rows_kept":0}

{"sheet":"Sheet3","index":7,"n_rows":0,"n_cols":0,"rows_kept":0}